| Tag |
First Indicator |
Second Indicator |
Subfields |
| LEADER |
00000cam a2200000M 4500 |
| 001 |
in00004396521 |
| 008 |
201027s2021 xx 0|| 0 eng d |
| 005 |
20250318213338.2 |
| 020 |
|
|
|a 9781784778118
|
| 020 |
|
|
|a 1784778117
|
| 035 |
|
|
|a (OCoLC)on1201654106
|
| 035 |
|
|
|a (OCoLC)1201654106
|
| 040 |
|
|
|a YDX
|b eng
|c YDX
|d UKMGB
|d OCLCO
|d OCLCF
|d UtOrBLW
|
| 043 |
|
|
|a e-uk---
|
| 082 |
0 |
4 |
|a 797.234092
|2 23
|
| 245 |
0 |
0 |
|a TANKED UP.
|
| 264 |
|
1 |
|a [Place of publication not identified] :
|b BRADT TRAVEL GUIDES,
|c 2021.
|
| 300 |
|
|
|a 1 volume ;
|c 20 cm
|
| 336 |
|
|
|a text
|b txt
|2 rdacontent
|
| 337 |
|
|
|a unmediated
|b n
|2 rdamedia
|
| 338 |
|
|
|a volume
|b nc
|2 rdacarrier
|
| 600 |
1 |
0 |
|a Thompson, Ben.
|0 http://id.loc.gov/authorities/names/nr88002754
|
| 650 |
|
0 |
|a Scuba divers
|z Great Britain
|v Biography.
|
| 650 |
|
7 |
|a Scuba divers.
|2 fast
|0 (OCoLC)fst01109451
|
| 651 |
|
7 |
|a Great Britain.
|2 fast
|0 (OCoLC)fst01204623
|
| 655 |
|
7 |
|a Biographies.
|2 fast
|0 (OCoLC)fst01919896
|
| 852 |
8 |
|
|b pda,print
|z This title is available for the library to purchase for your use. Click the "Purchase It For Me" button to place a request. This item may take 5-10 business days to arrive.
|
| 955 |
|
|
|a Print PDA title
|
| 999 |
f |
f |
|s 88b5f31f-82e2-4cdc-933b-0351b1b535d6
|i 937a0854-68a7-3386-80f2-ed04bbca2c3e
|t 0
|
| 952 |
f |
f |
|a Texas A&M University
|b College Station
|c Sterling C. Evans Library
|d Purchase on Demand
|t 0
|h Library of Congress classification
|
| 998 |
f |
f |
|t 0
|l Purchase on Demand
|